[Event "Grand Pacific op"]
[Site "Victoria CAN"]
[Date "2023.04.08"]
[Round "3.7"]
[White "Lu, Yiding"]
[Black "Long Le, Quang"]
[Result "0-1"]
[WhiteElo "2108"]
[BlackElo "2453"]
[PlyCount "196"]
[EventDate "2023.04.07"]
[EventType "swiss"]
[EventRounds "6"]
[EventCountry "CAN"]

1. e4 g6 2. d4 Bg7 3. Nc3 d6 4. Be3 Nf6 5. h3 Nc6 6. Qd2 a6 7. g4 e5 8. d5 Nd4
9. Bg2 c5 10. Nb1 O-O 11. c3 Nb5 12. Ne2 Re8 13. Ng3 Na7 14. O-O Nd7 15. Qc2 b5
16. a4 Nb6 17. axb5 Nxb5 18. Rd1 Bf6 19. Nd2 Bg5 20. Qd3 Kg7 21. Rf1 Bf4 22.
Ne2 Qf6 23. Nf3 h6 24. c4 Nc7 25. b3 Bxe3 26. Qxe3 a5 27. Rfc1 Bd7 28. Nd2 a4
29. b4 Na6 30. b5 Nb4 31. Nf3 Ra7 32. Ra3 Rh8 33. Kh2 Qe7 34. Ng3 Bc8 35. Qc3
Qf6 36. Ne2 Qe7 37. Ng3 Qf6 38. Ne2 h5 39. g5 Qe7 40. Rg1 h4 41. Bf1 Kg8 42.
Nc1 f5 43. gxf6 Qxf6 44. Qd2 Rf7 45. Qg5 Kg7 46. Qxf6+ Rxf6 47. Kg2 Rf4 48. Nd2
Rhf8 49. f3 Nc2 50. Rc3 Nd4 51. Kf2 R4f7 52. Ra3 g5 53. Ne2 Kh6 54. Nxd4 exd4
55. Rh1 Ra7 56. Be2 Bd7 57. Bd3 Be8 58. Be2 Bh5 59. Rg1 Nd7 60. Bd1 Rfa8 61.
Rg2 Ne5 62. Be2 Rf7 63. Bd1 Rfa7 64. Be2 Ng6 65. Rg1 Nf4 66. Bf1 Be8 67. e5 Bg6
68. e6 Bf5 69. Rh1 Kg6 70. Ne4 Bxe4 71. fxe4 Kf6 72. Rg1 Rg7 73. Rg4 Ke5 74.
Bg2 Rf8 75. Ke1 Nh5 76. Bf3 Ng3 77. Bg2 Ra8 78. Kd2 Nh5 79. Bf3 Nf4 80. Bd1 Kf6
81. Ke1 d3 82. Rg1 Nxh3 83. Rf1+ Nf4 84. Bg4 Ke7 85. Rf3 Rh7 86. b6 h3 87. Rf1
h2 88. Rh1 Kf6 89. Bd1 Rb8 90. Bxa4 Rxb6 91. Bb5 Rbb7 92. Ra8 Ke5 93. Rg8 Ra7
94. Rxg5+ Kxe4 95. Kd2 Kd4 96. e7 Rhxe7 97. Rg2 Ra2+ 98. Kd1 Nxg2 0-1

[Event "Grand Pacific op"]
[Site "Victoria CAN"]
[Date "2023.04.08"]
[Round "3.8"]
[White "Wang, Howard"]
[Black "Pham, Bich Ngoc"]
[Result "0-1"]
[WhiteElo "1899"]
[BlackElo "2260"]
[PlyCount "48"]
[EventDate "2023.04.07"]
[EventType "swiss"]
[EventRounds "6"]
[EventCountry "CAN"]

1. e4 c5 2. Nf3 Nc6 3. d4 cxd4 4. Nxd4 g6 5. Be2 Bg7 6. Nb3 Nf6 7. Nc3 d6 8.
O-O O-O 9. Bf4 a5 10. a4 Be6 11. Ra3 Rc8 12. Qd2 Nb4 13. Bf3 Nd7 14. Nc1 Nb6
15. Be2 d5 16. Bd3 dxe4 17. Nxe4 Bxb2 18. Bh6 Bxa3 19. Bxf8 Qxf8 20. Ne2 Nxd3
21. cxd3 Bb4 22. Qg5 f6 23. Qb5 Qd8 24. Nf4 Bd7 0-1

[Event "Grand Pacific op"]
[Site "Victoria CAN"]
[Date "2023.04.08"]
[Round "3.9"]
[White "Reeve, Jeff"]
[Black "Cheng, Louis"]
[Result "1-0"]
[WhiteElo "2250"]
[BlackElo "1908"]
[PlyCount "79"]
[EventDate "2023.04.07"]
[EventType "swiss"]
[EventRounds "6"]
[EventCountry "CAN"]

1. e4 c5 2. Nf3 d6 3. d4 cxd4 4. Nxd4 Nf6 5. Nc3 a6 6. h3 b5 7. g4 Bb7 8. Bg2
e6 9. g5 b4 10. gxf6 bxc3 11. fxg7 Bxg7 12. bxc3 Nd7 13. O-O Rg8 14. Re1 Nc5
15. Kh1 Qc7 16. Rb1 O-O-O 17. Bg5 Rd7 18. f4 h6 19. Bh4 f5 20. Nxe6 Nxe6 21.
Rxb7 Qxb7 22. exf5 Qxg2+ 23. Kxg2 Bxc3+ 24. Kh1 Nxf4 25. Qf3 Bxe1 26. Qa8+ Kc7
27. Qxg8 Bxh4 28. Qc4+ Kd8 29. Qxf4 Bg5 30. Qd4 Ke7 31. Qd5 Kf8 32. Kg2 Bf4 33.
Kf3 Be5 34. Qe6 Rc7 35. Qxh6+ Ke8 36. c4 Kd7 37. Qe6+ Kc6 38. f6 Rb7 39. f7 Rb8
40. Qh6 1-0

[Event "Grand Pacific op"]
[Site "Victoria CAN"]
[Date "2023.04.08"]
[Round "3.10"]
[White "Aljo, Johan"]
[Black "Albitar, Hani"]
[Result "1/2-1/2"]
[WhiteElo "1876"]
[BlackElo "2167"]
[PlyCount "52"]
[EventDate "2023.04.07"]
[EventType "swiss"]
[EventRounds "6"]
[EventCountry "CAN"]

1. d4 Nf6 2. c4 e6 3. g3 d5 4. Bg2 dxc4 5. Nf3 c6 6. Ne5 Bb4+ 7. Nc3 Nd5 8. Qc2
b5 9. a4 O-O 10. O-O a5 11. Rd1 f6 12. Ng4 Qd7 13. e4 Nc7 14. Ne3 Bb7 15. d5
Bxc3 16. dxc6 Qxc6 17. Qxc3 e5 18. axb5 Nxb5 19. Qxc4+ Qxc4 20. Nxc4 Nc6 21.
Bd2 Rfd8 22. Nb6 Ra6 23. Nd5 Nbd4 24. Ra4 Kf8 25. Bf1 Raa8 26. Bc3 Ra7 1/2-1/2

[Event "Grand Pacific op"]
[Site "Victoria CAN"]
[Date "2023.04.09"]
[Round "4.2"]
[White "Moura, Eduardo"]
[Black "Zulfikar, Sali"]
[Result "1-0"]
[WhiteElo "2178"]
[BlackElo "2308"]
[PlyCount "130"]
[EventDate "2023.04.07"]
[EventType "swiss"]
[EventRounds "6"]
[EventCountry "CAN"]

1. d4 Nf6 2. Nf3 e6 3. Bg5 h6 4. Bh4 Be7 5. Nbd2 d5 6. e3 O-O 7. Bd3 Nbd7 8. c3
b6 9. Ne5 Nxe5 10. dxe5 Nd7 11. Bxe7 Qxe7 12. f4 Nc5 13. Be2 a5 14. O-O Bb7 15.
Qc2 Ba6 16. Rae1 Bxe2 17. Rxe2 f5 18. exf6 Qxf6 19. e4 d4 20. e5 Qd8 21. Qg6
dxc3 22. bxc3 Qd3 23. Qxd3 Nxd3 24. g3 Nc5 25. Ne4 Nxe4 26. Rxe4 Rad8 27. Rd4
Rxd4 28. cxd4 Rd8 29. Rc1 Rxd4 30. Rxc7 Rd1+ 31. Kg2 Rd2+ 32. Kf3 Rxa2 33. Rc6
Rb2 34. Rxe6 a4 35. Re8+ Kf7 36. Ra8 b5 37. f5 Rb3+ 38. Kf4 a3 39. Ra7+ Kf8 40.
Ra8+ Ke7 41. Ra7+ Kd8 42. f6 gxf6 43. exf6 Rb4+ 44. Kf5 Ra4 45. f7 Rxa7 46.
f8=Q+ Kc7 47. Qc5+ Kb7 48. Qxb5+ Kc7 49. Qc5+ Kb7 50. Qe7+ Kb6 51. Qd6+ Kb7 52.
Qxh6 a2 53. Qg7+ Kb6 54. Qd4+ Kb7 55. Qa1 Ra5+ 56. Ke4 Kc6 57. Kd4 Ra4+ 58. Kc3
Kc5 59. Kb3 Re4 60. Qxa2 Re3+ 61. Ka4 Re4+ 62. Ka5 Re8 63. Qf2+ Kd6 64. Qf6+
Kd7 65. Qf7+ Kd8 1-0

[Event "Grand Pacific op"]
[Site "Victoria CAN"]
[Date "2023.04.09"]
[Round "4.4"]
[White "Malek, Omid"]
[Black "Kenney, Jason"]
[Result "1-0"]
[WhiteElo "2153"]
[BlackElo "2268"]
[PlyCount "83"]
[EventDate "2023.04.07"]
[EventType "swiss"]
[EventRounds "6"]
[EventCountry "CAN"]

1. d4 Nf6 2. Nf3 g6 3. Bf4 Bg7 4. e3 O-O 5. Be2 d6 6. O-O Nbd7 7. c4 h6 8. h3
Nh7 9. Nc3 e5 10. Bh2 Ng5 11. Qd2 Re8 12. Nxg5 hxg5 13. b4 exd4 14. exd4 Nf6
15. Bf3 g4 16. hxg4 Nxg4 17. Bg3 Nh6 18. Bf4 Nf5 19. Bg5 f6 20. Bf4 g5 21. Bh2
Nh6 22. Bh5 Rf8 23. Rfe1 Bg4 24. Bg6 Bf5 25. Bxf5 Nxf5 26. d5 Nh4 27. Re6 f5
28. f4 Rf7 29. Rae1 Bxc3 30. Qxc3 Rg7 31. R1e2 g4 32. Bg3 Ng6 33. Qe3 Nf8 34.
Rh6 Qd7 35. Be1 Rh7 36. Rf6 Rf7 37. Rh6 Rh7 38. Rxh7 Nxh7 39. Bc3 Nf8 40. Qd4
Ng6 41. g3 Kf8 42. Re6 1-0

[Event "Grand Pacific op"]
[Site "Victoria CAN"]
[Date "2023.04.09"]
[Round "4.5"]
[White "Long Le, Quang"]
[Black "Miller, David"]
[Result "1-0"]
[WhiteElo "2453"]
[BlackElo "2214"]
[PlyCount "135"]
[EventDate "2023.04.07"]
[EventType "swiss"]
[EventRounds "6"]
[EventCountry "CAN"]

1. c4 Nf6 2. Nf3 g6 3. b3 Bg7 4. Bb2 c5 5. g3 b6 6. d4 cxd4 7. Qxd4 Bb7 8. Bg2
d6 9. Nc3 O-O 10. Qd2 Nbd7 11. O-O Nc5 12. Rfd1 Nfe4 13. Qc2 Nxc3 14. Bxc3 Bxc3
15. Qxc3 Bxf3 16. Qxf3 Rc8 17. h4 Qc7 18. h5 Ne6 19. Rd5 Ng7 20. g4 e6 21. Rd3
Rfd8 22. Rad1 Qc5 23. hxg6 hxg6 24. Qg3 Ne8 25. Qh4 Qe5 26. Rh3 Kf8 27. Re3 Qf6
28. g5 Qb2 29. Rd4 Rc5 30. Bd5 Qb1+ 31. Kg2 Qf5 32. Rf4 Rxd5 33. Rxf5 Rxf5 34.
Rf3 Rxf3 35. Qh8+ Ke7 36. Kxf3 Rc8 37. e3 Rc5 38. Kg4 d5 39. cxd5 Rxd5 40. Qc3
Rc5 41. Qd3 Nd6 42. e4 Re5 43. f3 Rc5 44. b4 Rc7 45. a4 Rc4 46. Qd2 Rc7 47. Kf4
Rc4 48. Qb2 Ne8 49. Qb3 Nd6 50. Qb2 Ne8 51. Kg3 Rc7 52. Qd4 Rd7 53. Qe5 Rd3 54.
Qb8 Rd7 55. a5 bxa5 56. bxa5 Nd6 57. Qb4 Ke8 58. Qc5 Kd8 59. Kf4 Ke8 60. Ke5
Ke7 61. a6 Ke8 62. Qxd6 Rxd6 63. Kxd6 Kd8 64. e5 Ke8 65. Kc7 Ke7 66. Kb7 Kd7
67. Kxa7 Kc7 68. f4 1-0

[Event "Grand Pacific op"]
[Site "Victoria CAN"]
[Date "2023.04.09"]
[Round "4.6"]
[White "Pham, Bich Ngoc"]
[Black "He, Matthew"]
[Result "1-0"]
[WhiteElo "2260"]
[BlackElo "2044"]
[PlyCount "133"]
[EventDate "2023.04.07"]
[EventType "swiss"]
[EventRounds "6"]
[EventCountry "CAN"]

1. Nf3 d5 2. e3 Nf6 3. d4 e6 4. Bd3 Be7 5. b3 O-O 6. Bb2 b6 7. Qe2 Bb7 8. Nbd2
c5 9. dxc5 Bxc5 10. a3 Nbd7 11. Ne5 Nxe5 12. Bxe5 Bd6 13. Bg3 Qc7 14. O-O Bxg3
15. hxg3 Qc3 16. g4 Nxg4 17. Qxg4 Qxd2 18. Qd4 Qa5 19. b4 Qa4 20. f4 f5 21. Rf3
Rad8 22. Rg3 Qd7 23. Kf2 g6 24. Rh1 Qg7 25. Rgh3 Qxd4 26. exd4 h5 27. b5 Ra8
28. Rb1 Rfb8 29. Be2 a5 30. a4 Rc8 31. Bd3 Rc7 32. Ke2 Rac8 33. Kd2 Kg7 34. Re1
Kf6 35. Rhe3 Re8 36. Bf1 Bc8 37. Re5 Bb7 38. R1e3 Ree7 39. Kc1 Bc8 40. Kb2 Bd7
41. c4 dxc4 42. d5 c3+ 43. Kc2 Re8 44. d6 Rcc8 45. g3 Rh8 46. Bg2 h4 47. gxh4
Rxh4 48. Bc6 Rh2+ 49. Kc1 Bxc6 50. Rxe6+ Kf7 51. Re7+ Kf8 52. bxc6 Rh1+ 53. Re1
Rxe1+ 54. Rxe1 Rxc6 55. d7 Rd6 56. Re8+ Kf7 57. d8=Q Rxd8 58. Rxd8 g5 59. fxg5
Kg6 60. Rg8+ Kf7 61. Rb8 Kg6 62. Rxb6+ Kxg5 63. Kc2 f4 64. Kxc3 Kg4 65. Kd3 Kf3
66. Ra6 Kg2 67. Rxa5 1-0

[Event "Grand Pacific op"]
[Site "Victoria CAN"]
[Date "2023.04.09"]
[Round "4.7"]
[White "Leong, Aiden"]
[Black "Reeve, Jeff"]
[Result "0-1"]
[WhiteElo "2009"]
[BlackElo "2250"]
[PlyCount "66"]
[EventDate "2023.04.07"]
[EventType "swiss"]
[EventRounds "6"]
[EventCountry "CAN"]

1. Nf3 Nf6 2. g3 g6 3. b3 Bg7 4. Bb2 d6 5. d4 c5 6. Bg2 cxd4 7. Nxd4 d5 8. O-O
O-O 9. Nd2 e5 10. N4f3 e4 11. Nd4 h5 12. h3 Re8 13. e3 Nc6 14. Qe2 Ne5 15. Rfd1
b6 16. a4 a5 17. Bf1 h4 18. g4 Nfxg4 19. hxg4 Bxg4 20. f3 Bxf3 21. N2xf3 exf3
22. Qf2 Qg5+ 23. Kh1 Qg3 24. Rd2 Ng4 25. Qxg3 hxg3 26. Bb5 Re5 27. c4 Rh5+ 28.
Kg1 f2+ 29. Kf1 Rh1+ 30. Ke2 g2 31. Rdd1 Rxd1 32. Rxd1 g1=Q 33. Rxg1 fxg1=Q 0-1

[Event "Grand Pacific op"]
[Site "Victoria CAN"]
[Date "2023.04.08"]
[Round "4.9"]
[White "Doknjas, John"]
[Black "Taylor, Ashton"]
[Result "1/2-1/2"]
[WhiteElo "2337"]
[BlackElo "1886"]
[PlyCount "94"]
[EventDate "2023.04.07"]
[EventType "swiss"]
[EventRounds "6"]
[EventCountry "CAN"]

1. e4 e5 2. Nf3 Nf6 3. Nxe5 d6 4. Nf3 Nxe4 5. d4 d5 6. Bd3 Bd6 7. O-O O-O 8. c4
c6 9. Nc3 Nxc3 10. bxc3 dxc4 11. Bxc4 Bg4 12. h3 Bh5 13. g4 Bg6 14. Re1 Nd7 15.
Bg5 Qc7 16. Nh4 Nb6 17. Nxg6 hxg6 18. Bb3 Nd5 19. Qf3 Bf4 20. Bxf4 Nxf4 21. Re4
Nd5 22. Rae1 Qd7 23. R1e2 Rae8 24. Rxe8 Rxe8 25. Rxe8+ Qxe8 26. Bxd5 cxd5 27.
Qxd5 Qe1+ 28. Kg2 Qxc3 29. Qd8+ Kh7 30. d5 Qe5 31. Qa5 Qe4+ 32. Kg1 Qb1+ 33.
Kh2 Qd3 34. Qc5 b6 35. Qc6 Qf3 36. Kg1 Qxh3 37. Qc4 Qa3 38. Qf4 Qxa2 39. Qd4
Qb1+ 40. Kh2 Qb5 41. d6 Qd7 42. Qe5 Qxg4 43. f4 Qd1 44. Qe7 Qd2+ 45. Kg3 Qd3+
46. Kf2 Qd2+ 47. Kf3 Qd3+ 1/2-1/2

[Event "Grand Pacific op"]
[Site "Victoria CAN"]
[Date "2023.04.09"]
[Round "5.3"]
[White "Reeve, Jeff"]
[Black "Long Le, Quang"]
[Result "0-1"]
[WhiteElo "2250"]
[BlackElo "2453"]
[PlyCount "92"]
[EventDate "2023.04.07"]
[EventType "swiss"]
[EventRounds "6"]
[EventCountry "CAN"]

1. e4 c6 2. d4 d5 3. exd5 cxd5 4. Bd3 Nc6 5. c3 g6 6. Nf3 Bg7 7. Bf4 Nf6 8. O-O
O-O 9. h3 Nh5 10. Bh2 Bh6 11. Re1 Nf4 12. Bf1 f6 13. Na3 a6 14. Nc2 Nh5 15. Ne3
Bf4 16. b3 Bxh2+ 17. Kxh2 Qd6+ 18. g3 Kh8 19. c4 Be6 20. cxd5 Bxd5 21. Nxd5
Qxd5 22. Bg2 Qd6 23. d5 Nd8 24. Nd4 Ng7 25. Rc1 Re8 26. a4 Kg8 27. Kg1 Qb6 28.
Qd2 Nf7 29. a5 Qd6 30. Ne6 Rac8 31. Nxg7 Kxg7 32. Re6 Rxc1+ 33. Qxc1 Qd7 34.
Qe3 Kf8 35. h4 Rc8 36. h5 Qc7 37. Kh2 Qc5 38. d6 Qxh5+ 39. Kg1 Nxd6 40. Rxd6
exd6 41. Bxb7 Re8 42. Qd2 Kg7 43. Kg2 Qb5 44. Bf3 d5 45. Qc3 Re7 46. g4 h6 0-1

[Event "Grand Pacific op"]
[Site "Victoria CAN"]
[Date "2023.04.09"]
[Round "5.4"]
[White "Doknjas, Neil"]
[Black "Pham, Bich Ngoc"]
[Result "1/2-1/2"]
[WhiteElo "2244"]
[BlackElo "2260"]
[PlyCount "211"]
[EventDate "2023.04.07"]
[EventType "swiss"]
[EventRounds "6"]
[EventCountry "CAN"]

1. e4 c5 2. Nf3 Nc6 3. Bb5 g6 4. O-O Bg7 5. Bxc6 dxc6 6. d3 Nf6 7. Nc3 Bg4 8.
h3 Bxf3 9. Qxf3 Nd7 10. Be3 e6 11. Qg3 Qe7 12. a4 O-O-O 13. a5 Bd4 14. Na4 h5
15. f4 h4 16. Qf2 Rh5 17. Bxd4 cxd4 18. Qxd4 Rxa5 19. Nc3 e5 20. fxe5 Nxe5 21.
Nd5 Qc5 22. Qxc5 Rxc5 23. Ne3 a6 24. Rad1 Rb5 25. d4 Nd7 26. Rxf7 Rxb2 27. Rg7
Nf8 28. d5 cxd5 29. exd5 a5 30. Ra1 b6 31. Ra4 Rb1+ 32. Kf2 Rd7 33. Rg8 Rf7+
34. Ke2 Kb7 35. Rxh4 b5 36. c4 Rb2+ 37. Kd3 Rb3+ 38. Kd2 a4 39. cxb5 a3 40. Nc4
Ka7 41. Nxa3 Rxa3 42. Ke2 Ra2+ 43. Ke3 Ra3+ 44. Ke2 Ra2+ 45. Ke3 Kb6 46. g3
Kxb5 47. Rf4 Re7+ 48. Kf3 Nd7 49. Kg4 Ra3 50. h4 Ree3 51. Kg5 Rxg3+ 52. Kh6 Ra6
53. Rf1 g5+ 54. Rg6 Rxg6+ 55. Kxg6 gxh4+ 56. Kh5 h3 57. Kh4 Rg7 58. Kxh3 Kc5
59. Rf3 Ne5 60. Rg3 Rh7+ 61. Kg2 Kd4 62. Ra3 Ke4 63. Ra4+ Ke3 64. Kg3 Rh6 65.
d6 Rxd6 66. Ra3+ Ke4 67. Ra4+ Kf5 68. Kf2 Rd2+ 69. Ke3 Rd3+ 70. Ke2 Rh3 71. Kd2
Ke6 72. Ke2 Nc6 73. Kd2 Kd5 74. Rg4 Nd4 75. Rg8 Nf3+ 76. Ke2 Ne5 77. Ra8 Kd4
78. Ra4+ Nc4 79. Kf2 Kd3 80. Ra8 Ke4 81. Rf8 Ne5 82. Kg2 Rh7 83. Re8 Kf4 84.
Rf8+ Ke3 85. Rg8 Rh4 86. Rg3+ Kf4 87. Rg8 Rh6 88. Rd8 Ra6 89. Rf8+ Ke4 90. Rb8
Rg6+ 91. Kf2 Nd3+ 92. Ke2 Rg2+ 93. Kd1 Ne5 94. Re8 Kd4 95. Rd8+ Kc3 96. Rc8+
Nc4 97. Ke1 Ra2 98. Rd8 Ne5 99. Kf1 Ng4 100. Ke1 Rg2 101. Kf1 Ne3+ 102. Ke1 Kc4
103. Rd4+ Kc5 104. Re4 Nd5 105. Re2 Rxe2+ 106. Kxe2 1/2-1/2

[Event "Grand Pacific op"]
[Site "Victoria CAN"]
[Date "2023.04.09"]
[Round "5.6"]
[White "Kenney, Jason"]
[Black "Liu, Zachary"]
[Result "1-0"]
[WhiteElo "2268"]
[BlackElo "2117"]
[PlyCount "95"]
[EventDate "2023.04.07"]
[EventType "swiss"]
[EventRounds "6"]
[EventCountry "CAN"]

1. e4 c5 2. Nc3 Nc6 3. Bb5 Nd4 4. Nf3 g6 5. Bc4 Bg7 6. Nxd4 cxd4 7. Qf3 Nf6 8.
Ne2 e5 9. d3 d6 10. h3 Be6 11. Bg5 Bxc4 12. dxc4 h6 13. Bxf6 Qxf6 14. Qxf6 Bxf6
15. c3 Rc8 16. b3 b5 17. cxb5 dxc3 18. O-O-O Bg5+ 19. Kc2 Bd2 20. h4 h5 21. Rh3
Ke7 22. Nxc3 Bxc3 23. Rxc3 Rxc3+ 24. Kxc3 f5 25. f4 fxe4 26. fxe5 dxe5 27. Re1
Ke6 28. Rxe4 Rc8+ 29. Rc4 Rb8 30. a4 Rb7 31. Kd3 Kf5 32. Ke3 Rd7 33. a5 Rb7 34.
Rb4 g5 35. hxg5 Kxg5 36. b6 axb6 37. Rxb6 Rc7 38. b4 Rc2 39. Rb8 Kh4 40. a6 Ra2
41. b5 Kg3 42. Rg8+ Kh2 43. b6 Ra3+ 44. Ke4 Ra4+ 45. Kxe5 Ra5+ 46. Kd4 Ra4+ 47.
Kc3 Ra3+ 48. Kc4 1-0

[Event "Grand Pacific op"]
[Site "Victoria CAN"]
[Date "2023.04.09"]
[Round "5.8"]
[White "Wang, Jerry"]
[Black "Villavieja, Butch"]
[Result "1/2-1/2"]
[WhiteElo "1980"]
[BlackElo "2209"]
[PlyCount "131"]
[EventDate "2023.04.07"]
[EventType "swiss"]
[EventRounds "6"]
[EventCountry "CAN"]

1. c4 g6 2. g3 Bg7 3. Bg2 Nf6 4. Nc3 O-O 5. d4 d6 6. e3 Nc6 7. Nge2 a6 8. O-O
Rb8 9. Rb1 Na5 10. b3 b5 11. cxb5 axb5 12. Bd2 b4 13. Na4 Bf5 14. Rc1 Ne4 15.
Be1 h5 16. a3 Nc3 17. Naxc3 bxc3 18. Rxc3 c5 19. b4 cxb4 20. axb4 Rxb4 21. Ra3
Rb1 22. Bxa5 Rxd1 23. Bxd8 Rxf1+ 24. Kxf1 Rxd8 25. Ra8 Rxa8 26. Bxa8 e6 27. f3
Bd3 28. Kf2 Kf8 29. Bc6 g5 30. h3 Ke7 31. Nc3 f5 32. Bb5 Bc2 33. Ne2 e5 34.
dxe5 dxe5 35. g4 h4 36. Bc6 Kf6 37. Bb7 f4 38. e4 Bf8 39. Ba6 Bb4 40. Nc1 Bd1
41. Be2 Ba4 42. Bc4 Bc3 43. Ke2 Ke7 44. Nb3 Kd6 45. Kd3 Bb4 46. Ke2 Bd7 47. Kd3
Kc6 48. Ke2 Kb6 49. Kd3 Bc5 50. Kc2 Be3 51. Kd3 Bc5 52. Kc3 Bc6 53. Kd3 Bb4 54.
Ke2 Bd7 55. Kd3 Bb5 56. Bxb5 Kxb5 57. Ke2 Kc4 58. Nc1 Kc3 59. Nd3 Bd6 60. Ne1
Bc7 61. Nd3 Kc4 62. Ne1 Ba5 63. Nd3 Bc3 64. Nf2 Bd4 65. Nd3 Bc3 66. Nf2 1/2-1/2

[Event "Grand Pacific op"]
[Site "Victoria CAN"]
[Date "2023.04.09"]
[Round "5.9"]
[White "Jiang, Brandon"]
[Black "Taylor, Ashton"]
[Result "1-0"]
[WhiteElo "2219"]
[BlackElo "1886"]
[PlyCount "79"]
[EventDate "2023.04.07"]
[EventType "swiss"]
[EventRounds "6"]
[EventCountry "CAN"]

1. e4 e5 2. Nf3 Nf6 3. Nxe5 d6 4. Nf3 Nxe4 5. Nc3 Nxc3 6. dxc3 Be7 7. Be3 O-O
8. Qd2 Nd7 9. O-O-O Nf6 10. h3 c5 11. c4 Ne4 12. Qd5 Nf6 13. Qd2 Ne4 14. Qd5
Nf6 15. Qd3 b5 16. cxb5 a6 17. b6 Qxb6 18. Bf4 Qa5 19. a3 Bb7 20. Nd2 d5 21.
Qf3 c4 22. Nxc4 Qc5 23. Nd2 Rac8 24. Bd3 Ne4 25. Nb3 Qb6 26. Bxe4 dxe4 27. Qe3
Qe6 28. Kb1 Bf6 29. g4 g6 30. Rd6 Qe7 31. Rhd1 Rfd8 32. g5 Bg7 33. Qb6 Rxd6 34.
Bxd6 Qd7 35. Nc5 Rxc5 36. Qxc5 Qxh3 37. Qc7 Qc8 38. Qxc8+ Bxc8 39. Be7 f5 40.
gxf6 1-0

[Event "Grand Pacific op"]
[Site "Victoria CAN"]
[Date "2023.04.09"]
[Round "5.10"]
[White "He, Matthew"]
[Black "Doknjas, John"]
[Result "0-1"]
[WhiteElo "2044"]
[BlackElo "2337"]
[PlyCount "126"]
[EventDate "2023.04.07"]
[EventType "swiss"]
[EventRounds "6"]
[EventCountry "CAN"]

1. d4 Nf6 2. c4 e6 3. Nc3 Bb4 4. Qc2 O-O 5. a3 Bxc3+ 6. Qxc3 b6 7. Bg5 Bb7 8.
e3 d6 9. Ne2 Nbd7 10. Qc2 c5 11. Nc3 h6 12. Bh4 cxd4 13. exd4 Qe7 14. f3 d5 15.
cxd5 g5 16. Bf2 Nxd5 17. Bd3 Nf4 18. O-O-O f5 19. Bg3 Nf6 20. Bxf4 gxf4 21.
Rhe1 Nd5 22. Nxd5 Bxd5 23. Kb1 Rac8 24. Qd2 Bb3 25. Rc1 Qd6 26. Bc2 Bxc2+ 27.
Rxc2 Rxc2 28. Qxc2 Rd8 29. Qc4 Kf7 30. Re5 Kf6 31. Qe2 Rd7 32. Qc4 Rd8 33. Qe2
Qc6 34. Qf2 Kf7 35. Qd2 Qc4 36. Qxf4 Qd3+ 37. Ka1 Rxd4 38. Qc1 Qd1 39. Kb1
Qxc1+ 40. Kxc1 Kf6 41. Re2 e5 42. Kc2 e4 43. fxe4 fxe4 44. Re3 Ke5 45. g3 Rd7
46. b3 b5 47. h3 Kd4 48. Kd2 Rc7 49. Re2 a6 50. Re1 a5 51. g4 Rf7 52. Re3 Rf2+
53. Re2 Rf3 54. a4 bxa4 55. bxa4 Rxh3 56. Rg2 Ra3 57. Kc1 Ra1+ 58. Kb2 Rxa4 59.
Rh2 e3 60. Rxh6 e2 61. Re6 Kd3 62. g5 Re4 63. Rd6+ Ke3 0-1

[Event "Grand Pacific op"]
[Site "Victoria CAN"]
[Date "2023.04.10"]
[Round "6.2"]
[White "Long Le, Quang"]
[Black "Lampman, Becca"]
[Result "1-0"]
[WhiteElo "2453"]
[BlackElo "2049"]
[PlyCount "67"]
[EventDate "2023.04.07"]
[EventType "swiss"]
[EventRounds "6"]
[EventCountry "CAN"]

1. c4 g6 2. g3 Bg7 3. Bg2 d6 4. Nc3 e5 5. Nf3 f5 6. O-O Nf6 7. d4 e4 8. Ne1 O-O
9. f3 exf3 10. Bxf3 Nc6 11. e3 Re8 12. Nd3 Ng4 13. Nd5 Ne7 14. h3 Nf6 15. Nxf6+
Bxf6 16. Kh2 Nc6 17. Bd2 Kh8 18. Qc2 Qd7 19. Nf4 a5 20. Rae1 Nb4 21. Qb3 c5 22.
a3 Nc6 23. Nd5 f4 24. Bg4 Qg7 25. Nxf6 Qxf6 26. Bxc8 Raxc8 27. d5 fxg3+ 28. Kg2
Qh4 29. dxc6 Qe4+ 30. Kg1 Qxc6 31. Bc3+ Kg8 32. Qd1 a4 33. Qg4 Qe4 34. Rf4 1-0

[Event "Grand Pacific op"]
[Site "Victoria CAN"]
[Date "2023.04.10"]
[Round "6.3"]
[White "Pham, Bich Ngoc"]
[Black "Kenney, Jason"]
[Result "1-0"]
[WhiteElo "2260"]
[BlackElo "2268"]
[PlyCount "73"]
[EventDate "2023.04.07"]
[EventType "swiss"]
[EventRounds "6"]
[EventCountry "CAN"]

1. e4 e5 2. Nf3 Nc6 3. Bb5 a6 4. Ba4 d6 5. h3 Bd7 6. c3 g6 7. O-O Bg7 8. d4 Nf6
9. Re1 O-O 10. Nbd2 b5 11. Bc2 Nh5 12. dxe5 dxe5 13. Nb3 Qe7 14. Be3 Rfd8 15.
Qc1 Nf4 16. Bxf4 exf4 17. Qxf4 Ne5 18. Nxe5 Bxe5 19. Qe3 Qh4 20. Nc5 Be8 21.
Rad1 a5 22. a3 Bf4 23. Qf3 Bd2 24. Re2 Bh6 25. Rxd8 Qxd8 26. e5 Bf8 27. Ne4 Ra6
28. Rd2 Qe7 29. Nf6+ Kh8 30. Qd5 Rd6 31. exd6 Qe1+ 32. Kh2 Bxd6+ 33. g3 Bc6 34.
Qxc6 Qxd2 35. Qa8+ Kg7 36. Ne8+ Kh6 37. Nxd6 1-0

[Event "Grand Pacific op"]
[Site "Victoria CAN"]
[Date "2023.04.10"]
[Round "6.4"]
[White "Doknjas, John"]
[Black "Doknjas, Neil"]
[Result "1-0"]
[WhiteElo "2337"]
[BlackElo "2244"]
[PlyCount "91"]
[EventDate "2023.04.07"]
[EventType "swiss"]
[EventRounds "6"]
[EventCountry "CAN"]

1. d4 Nf6 2. c4 e6 3. Nc3 Bb4 4. Qc2 b6 5. e4 c5 6. d5 Qe7 7. Nge2 exd5 8. exd5
O-O 9. Bd2 d6 10. O-O-O Ng4 11. Be1 Qg5+ 12. Qd2 Qxd2+ 13. Kxd2 a6 14. a3 Ba5
15. Nc1 Bd7 16. h3 Ne5 17. f4 Ng6 18. g3 b5 19. Nb3 Bxc3+ 20. Kxc3 bxc4 21. Na5
Ba4 22. Rb1 Nd7 23. Nxc4 Rab8 24. Nxd6 Nf6 25. b3 Nxd5+ 26. Kc4 Nc7 27. Ba5 Nb5
28. Kxc5 Nxd6 29. Kxd6 f5 30. Bc4+ Kh8 31. bxa4 Rbc8 32. Be6 Rf6 33. Kd7 Rc2
34. Rb8+ Nf8+ 35. Ke7 Re2 36. Rxf8+ Rxf8 37. Kxf8 Rxe6 38. Bc3 h5 39. Bxg7+ Kh7
40. Be5 Rg6 41. Rc1 Rxg3 42. Rc7+ Kh6 43. Bg7+ Kh7 44. Bf6+ Kh6 45. Bg5+ Rxg5
46. fxg5+ 1-0

[Event "Grand Pacific op"]
[Site "Victoria CAN"]
[Date "2023.04.10"]
[Round "6.6"]
[White "Lu, Yiding"]
[Black "Reeve, Jeff"]
[Result "1-0"]
[WhiteElo "2108"]
[BlackElo "2250"]
[PlyCount "75"]
[EventDate "2023.04.07"]
[EventType "swiss"]
[EventRounds "6"]
[EventCountry "CAN"]

1. e4 c5 2. Nf3 d6 3. d4 cxd4 4. Nxd4 Nf6 5. Nc3 g6 6. Be3 Bg7 7. f3 O-O 8. Qd2
Nc6 9. Bc4 Bd7 10. O-O-O Rc8 11. Bb3 Ne5 12. Kb1 Nc4 13. Bxc4 Rxc4 14. g4 b5
15. b3 b4 16. bxc4 bxc3 17. Qxc3 Qc7 18. g5 Nh5 19. Kc1 Be5 20. Rd2 Nf4 21. Rf2
Rb8 22. h4 a5 23. a3 a4 24. h5 gxh5 25. Rh4 d5 26. c5 dxe4 27. fxe4 Bg4 28. Qc4
Qb7 29. Rxg4 hxg4 30. Rxf4 Bxf4 31. Bxf4 Qb1+ 32. Kd2 Rd8 33. Be5 Qb7 34. c6
Qa8 35. c7 Rc8 36. Nc6 Kf8 37. Qc5 Re8 38. Nxe7 1-0

[Event "Grand Pacific op"]
[Site "Victoria CAN"]
[Date "2023.04.10"]
[Round "6.7"]
[White "Jiang, Brandon"]
[Black "Qanee, Arpak Worya"]
[Result "1-0"]
[WhiteElo "2219"]
[BlackElo "2064"]
[Annotator "roger"]
[PlyCount "73"]
[EventDate "2023.04.07"]
[EventType "swiss"]
[EventRounds "6"]
[EventCountry "CAN"]

1. e4 e6 2. d3 d5 3. Nd2 c5 4. g3 Nc6 5. Bg2 Nf6 6. Ngf3 Be7 7. O-O O-O 8. Re1
b5 9. e5 Nd7 10. Nf1 Nb6 11. h4 f6 12. exf6 Bxf6 13. Ne3 Qd6 14. Ng4 e5 15.
Nxf6+ gxf6 16. Qd2 a5 17. Qh6 Ra7 18. Be3 Rg7 19. Bd2 d4 20. Ng5 Nd5 21. Ne4
Qe7 22. Bf3 Rg6 23. Qh5 Ncb4 24. Rec1 Be6 25. a3 Nc6 26. Kh2 c4 27. Bh6 Rc8 28.
a4 bxa4 29. dxc4 Nb6 30. c5 Nd7 31. Nd6 Rc7 32. Nb5 Nxc5 33. Nxc7 Qxc7 34. Bd2
Qb6 35. Be2 Ne4 36. Be1 Ne7 37. Qf3 {illegible. 49 moves} 1-0